[Event "15th Delhi Open 2017"]
[Site "New Delhi IND"]
[Date "2017.01.11"]
[Round "4.8"]
[White "Rajesh, V A V"]
[Black "Lalith, Babu M R"]
[Result "0-1"]
[WhiteTitle "IM"]
[BlackTitle "GM"]
[WhiteElo "2331"]
[BlackElo "2587"]
[WhiteFideId "5029317"]
[BlackFideId "5024595"]
[EventDate "2017.01.09"]

1. d4 g6 2. Nf3 Bg7 3. g3 Nf6 4. Bg2 O-O 5. c4 c5 6. O-O cxd4 7. Nxd4 Nc6 8. Nc3
d6 9. Nxc6 bxc6 10. Qa4 Bd7 11. Bxc6 Bxc6 12. Qxc6 Rc8 13. Qb5 Rc5 14. Qb7 Rc7
15. Qb3 Qc8 16. Nd5 Nxd5 17. cxd5 Qa6 18. e4 Rfc8 19. Rd1 Rb7 20. Qe3 Rc2 21.
Rd2 Qc4 22. Rxc2 Qxc2 23. Kf1 Qd1+ 24. Kg2 Bd4 25. Qf3 Qe1 26. Be3 Qxa1 27. Bxd4
Qb1 28. a3 Rc7 29. Qe2 Qc2 30. Qe3 Rc4 31. b3 Rc7 32. e5 Qf5 33. exd6 Qxd5+ 34.
Qf3 Qxf3+ 35. Kxf3 exd6 36. Ke4 Kf8 37. Kd5 Ke7 38. b4 a6 39. a4 Kd7 40. b5 axb5
41. axb5 Rc1 42. h4 h5 43. Be3 Rb1 44. Kc4 Ke6 45. Bd4 d5+ 46. Kc5 Rc1+ 47. Kb6
Rc4 48. Be3 d4 49. Bh6 d3 50. Ka7 Ra4+ 51. Kb7 Ra2 52. b6 d2 53. Bxd2 Rxd2 0-1

[Event "15th Delhi Open 2017"]
[Site "New Delhi IND"]
[Date "2017.01.11"]
[Round "4.9"]
[White "Sidhant, Mohapatra"]
[Black "Sunilduth Lyna, Narayanan"]
[Result "0-1"]
[BlackTitle "GM"]
[WhiteElo "2267"]
[BlackElo "2541"]
[WhiteFideId "5028698"]
[BlackFideId "5058422"]
[EventDate "2017.01.09"]

1. e4 e5 2. Nf3 Nc6 3. Bb5 a6 4. Ba4 d6 5. c3 f5 6. d3 Nf6 7. Nbd2 Be7 8. Bb3
Na5 9. O-O Nxb3 10. Qxb3 Qd7 11. d4 exd4 12. exf5 Qxf5 13. Re1 Qb5 14. Qxb5+
axb5 15. Nxd4 Bd7 16. N2f3 h6 17. Nh4 Kf7 18. Rxe7+ Kxe7 19. Ng6+ Kf7 20. Nxh8+
Rxh8 21. f3 Ra8 22. Bd2 Nd5 23. a3 Nb6 24. Re1 Nc4 25. Bc1 Ne5 26. Re3 c5 27.
Nb3 c4 28. Nd4 Nd3 29. Ne2 d5 30. g4 Bc6 31. Kg2 b4 32. cxb4 d4 33. Nxd4 Nxc1
34. Rc3 Nd3 35. Rxc4 Nxb2 36. Rc3 Bd5 37. Rc7+ Kf6 38. Rd7 Ke5 39. Nc2 Rf8 40.
Ne1 Rf7 41. Rd8 Rc7 42. Kg3 Rc3 43. Rd7 g5 44. Re7+ Kd4 45. h4 Nd3 0-1

[Event "15th Delhi Open 2017"]
[Site "New Delhi IND"]
[Date "2017.01.11"]
[Round "4.10"]
[White "Harikrishnan, A. Ra"]
[Black "Malakhatko, Vadim"]
[Result "1/2-1/2"]
[BlackTitle "GM"]
[WhiteElo "2259"]
[BlackElo "2514"]
[WhiteFideId "5081483"]
[BlackFideId "14104202"]
[EventDate "2017.01.09"]

1. e4 g6 2. d4 Bg7 3. Nc3 d6 4. Nf3 a6 5. Be2 Nf6 6. O-O O-O 7. a4 Nc6 8. d5 Nb8
9. Be3 e5 10. dxe6 Bxe6 11. Nd4 Bd7 12. Qd2 Nc6 13. f3 Re8 14. Rad1 Qe7 15. Bc4
Rab8 16. Bb3 Nxd4 17. Bxd4 b5 18. axb5 axb5 19. Nd5 Nxd5 20. Bxd5 Bxd4+ 21. Qxd4
Be6 1/2-1/2

[Event "15th Delhi Open 2017"]
[Site "New Delhi IND"]
[Date "2017.01.11"]
[Round "4.11"]
[White "Prasannaa, S"]
[Black "Deviatkin, Andrei"]
[Result "0-1"]
[BlackTitle "GM"]
[WhiteElo "2159"]
[BlackElo "2499"]
[WhiteFideId "5068878"]
[BlackFideId "4121260"]
[EventDate "2017.01.09"]

1. b4 e6 2. Bb2 Nf6 3. a3 b6 4. Nf3 Bb7 5. e3 c5 6. bxc5 bxc5 7. c4 Be7 8. Be2
O-O 9. O-O d6 10. Nc3 Nbd7 11. d3 Rb8 12. Rb1 Qa5 13. Qd2 Qa6 14. Nb5 Bc6 15.
Bc3 Rfd8 16. a4 Ne8 17. Rb3 Ra8 18. Rfb1 Rdb8 19. Qb2 Bf8 20. Nd2 Qc8 21. Ba5 a6
22. Nc3 Rxb3 23. Qxb3 Rb8 24. Qc2 d5 25. Rxb8 Qxb8 26. cxd5 exd5 27. d4 cxd4 28.
exd4 g6 29. Qd3 Bb7 30. Nf1 Ng7 31. Ne3 Qd6 32. Bf3 Nf6 33. Qb1 Bc6 34. Qb6 Ne6
35. h4 Qd7 36. Bb4 Qb7 37. Qxb7 Bxb7 38. Bxf8 Kxf8 39. Bxd5 Nxd5 40. Nexd5 Nxd4
41. Kf1 Ke8 42. h5 gxh5 43. Nf6+ Ke7 44. Nxh5 f5 45. Nf4 Kd6 46. Ke1 Kc5 47. Kd2
Kc4 48. f3 a5 49. Nd3 Nb3+ 50. Kc2 Nd4+ 51. Kd2 Bc8 52. Ne5+ Kb3 53. Kd3 Nc2 54.
Nc6 Nb4+ 55. Nxb4 axb4 56. Nd5 Ba6+ 57. Kd2 Kxa4 58. g4 fxg4 59. fxg4 Ka3 60. g5
b3 61. Nc3 Bc8 62. Nb1+ Kb2 63. Nc3 Bf5 64. Nd1+ Ka3 65. Kc3 Bg4 66. Ne3 Be2 67.
Kd2 b2 0-1

[Event "15th Delhi Open 2017"]
[Site "New Delhi IND"]
[Date "2017.01.11"]
[Round "4.12"]
[White "Dodeja, Pawan"]
[Black "Czebe, Attila"]
[Result "0-1"]
[BlackTitle "GM"]
[WhiteElo "2189"]
[BlackElo "2491"]
[WhiteFideId "5012686"]
[BlackFideId "705268"]
[EventDate "2017.01.09"]

1. e4 g6 2. Nc3 c6 3. d4 d6 4. Be3 b5 5. f3 b4 6. Nce2 d5 7. e5 e6 8. Qd2 Nd7 9.
f4 h5 10. Nf3 Nh6 11. Nc1 Nf5 12. Nd3 Nxe3 13. Qxe3 Qb6 14. Be2 a5 15. O-O Ba6
16. Kh1 Rb8 17. a3 bxa3 18. bxa3 Bh6 19. Nd2 Qa7 20. Nb3 Bc4 21. Nd2 Nb6 22. Nc5
Bxe2 23. Qxe2 Bf8 24. c4 Nd7 25. Nxd7 Kxd7 26. Qd3 Be7 27. cxd5 cxd5 28. Rab1
Rhc8 29. h3 a4 30. Nf3 Qa5 31. Ng5 Rxb1 32. Qxb1 Ke8 33. Nh7 Bxa3 34. f5 gxf5
35. Nf6+ Kd8 36. Qb7 Qc7 37. Qb5 Qc5 38. Qb6+ Qc7 39. Qa6 Qc4 40. Qa5+ Ke7 41.
Rf3 h4 42. Kh2 Bd6 0-1

[Event "15th Delhi Open 2017"]
[Site "New Delhi IND"]
[Date "2017.01.11"]
[Round "4.13"]
[White "Swayams, Mishra"]
[Black "Kathmale, Sameer"]
[Result "1-0"]
[WhiteTitle "IM"]
[BlackTitle "IM"]
[WhiteElo "2491"]
[BlackElo "2313"]
[WhiteFideId "5028183"]
[BlackFideId "5024498"]
[EventDate "2017.01.09"]

1. d4 Nf6 2. Nf3 g6 3. Bg5 Bg7 4. Nbd2 O-O 5. e4 d5 6. exd5 Nxd5 7. c3 b6 8. Bc4
h6 9. Bh4 Bb7 10. Bg3 Nd7 11. O-O N5f6 12. Qc2 Bd5 13. Bxd5 Nxd5 14. Rfe1 e6 15.
Qa4 Ne7 16. Rad1 Nf5 17. Qc6 Nxg3 18. hxg3 Nf6 19. Ne5 Nd5 20. Ne4 Qe8 21. c4
Qxc6 22. Nxc6 Nf6 23. Nxf6+ Bxf6 24. b4 a6 25. a4 Kg7 26. Kf1 Rfe8 27. Re3 h5
28. Ke2 Rh8 29. d5 exd5 30. Rxd5 Rae8 31. Rd7 h4 32. Rxc7 hxg3 33. fxg3 Rc8 34.
Rxc8 Rxc8 35. b5 axb5 36. cxb5 Bg5 37. Re5 f6 38. Re7+ Kh6 39. Kd3 Kh5 40. Rb7
Ra8 41. a5 bxa5 42. Rh7+ Kg4 43. b6 Kxg3 44. b7 Rf8 45. b8=Q+ Rxb8 46. Nxb8 Bf4
47. Nc6 Kxg2 48. Rg7 g5 49. Ke4 Bd2 50. Kf5 Kh3 51. Rh7+ Kg3 52. Rd7 Be3 53. Re7
Kf3 54. Re4 Bf4 55. Nxa5 Kg3 56. Nc6 Kh3 57. Ne7 Bd6 58. Re3+ Bg3 59. Nd5 g4 60.
Nxf6 Kg2 61. Kxg4 Bb8 62. Re2+ 1-0

[Event "15th Delhi Open 2017"]
[Site "New Delhi IND"]
[Date "2017.01.11"]
[Round "4.15"]
[White "Singh, S. Vikramjit"]
[Black "Murshed, Niaz"]
[Result "1/2-1/2"]
[BlackTitle "GM"]
[WhiteElo "2145"]
[BlackElo "2444"]
[WhiteFideId "5006090"]
[BlackFideId "10200010"]
[EventDate "2017.01.09"]

1. d4 d5 2. c4 e6 3. Nf3 Nf6 4. Nc3 Bb4 5. Qa4+ Nc6 6. Bg5 Bd7 7. Qb3 h6 8. Bxf6
Qxf6 9. e3 Qg6 10. Be2 dxc4 11. Qxc4 a6 12. O-O Bd6 13. e4 b5 14. Qd3 Rd8 15.
Qe3 b4 1/2-1/2

[Event "15th Delhi Open 2017"]
[Site "New Delhi IND"]
[Date "2017.01.11"]
[Round "4.16"]
[White "Venkatesh, M.R."]
[Black "Koustav, Chatterjee"]
[Result "1/2-1/2"]
[WhiteTitle "GM"]
[WhiteElo "2439"]
[BlackElo "2265"]
[WhiteFideId "5005779"]
[BlackFideId "25073060"]
[EventDate "2017.01.09"]

1. Nf3 d5 2. g3 c6 3. Bg2 Bg4 4. d3 Nd7 5. Nbd2 Ngf6 6. h3 Bxf3 7. Bxf3 e6 8.
O-O Bd6 9. e4 O-O 10. Bg2 Qc7 11. f4 e5 12. f5 Rad8 13. Kh1 Bb4 14. Qe2 Bxd2 15.
Bxd2 dxe4 16. dxe4 Nc5 17. Bb4 Qb6 18. Ba3 Rfe8 19. Kh2 Rd4 20. c3 Rd7 21. Rad1
Red8 22. Rxd7 Rxd7 23. g4 h6 1/2-1/2

[Event "15th Delhi Open 2017"]
[Site "New Delhi IND"]
[Date "2017.01.11"]
[Round "4.17"]
[White "Nitin, S."]
[Black "Shashikant, Kutwal"]
[Result "1-0"]
[WhiteTitle "IM"]
[WhiteElo "2427"]
[BlackElo "2257"]
[WhiteFideId "5018277"]
[BlackFideId "5006520"]
[EventDate "2017.01.09"]

1. e4 c5 2. Nf3 d6 3. d4 cxd4 4. Qxd4 a6 5. h3 Nf6 6. c4 Nc6 7. Qe3 g6 8. Be2
Bg7 9. O-O O-O 10. Nc3 Nd7 11. Rb1 a5 12. b3 Nc5 13. Bb2 f5 14. exf5 Bxf5 15.
Rbd1 a4 16. Nxa4 Bxb2 17. Nxc5 Rxa2 18. Rd2 Bc1 19. Rxc1 Rxd2 20. Ne6 Rxe2 21.
Qxe2 Bxe6 22. Qxe6+ Kh8 23. Qe3 Qa5 24. c5 dxc5 25. Qh6 Rxf3 26. gxf3 Qd8 27.
Rxc5 Qd1+ 28. Kg2 Qxb3 1-0

[Event "15th Delhi Open 2017"]
[Site "New Delhi IND"]
[Date "2017.01.11"]
[Round "4.18"]
[White "Roy, Prantik"]
[Black "Ajay Krishna, S"]
[Result "1/2-1/2"]
[WhiteTitle "IM"]
[WhiteElo "2405"]
[BlackElo "2167"]
[WhiteFideId "5035120"]
[BlackFideId "5096430"]
[EventDate "2017.01.09"]

1. d4 Nf6 2. Bg5 Ne4 3. Bf4 d5 4. Nd2 Nxd2 5. Qxd2 Bf5 6. e3 e6 7. Bd3 Bg6 8.
Nf3 Bd6 9. O-O O-O 10. Ne5 Bxd3 11. Nxd3 Bxf4 12. Nxf4 Nd7 13. Rac1 c5 14. dxc5
Nxc5 15. c4 dxc4 16. Qxd8 Rfxd8 17. Rxc4 b6 18. b4 Nd3 19. Nxd3 Rxd3 20. Rfc1 g6
21. Kf1 Ra3 22. R1c2 Rd8 23. Ke2 Rd5 24. R4c3 Ra4 25. a3 a5 26. Rb3 axb4 27.
Rxb4 Rxa3 28. Rxb6 Rh5 29. h3 Ra1 30. Rb7 Rha5 31. g4 R1a2 32. Rxa2 Rxa2+ 33.
Kf3 Kg7 34. Kg3 h6 35. Rb5 Ra1 36. Kg2 Ra4 37. Kf3 Ra1 38. Rc5 Rb1 39. Ra5 Rc1
40. Kg2 Rc4 41. f3 Rc2+ 42. Kg3 Rc3 43. e4 g5 44. Rb5 Ra3 45. Rc5 Kg6 46. Rc8
Kg7 47. Rc5 Kg6 48. Rc8 1/2-1/2

[Event "15th Delhi Open 2017"]
[Site "New Delhi IND"]
[Date "2017.01.11"]
[Round "4.19"]
[White "Sankalp, Gupta"]
[Black "Ravi, Teja S."]
[Result "0-1"]
[BlackTitle "IM"]
[WhiteElo "2093"]
[BlackElo "2388"]
[WhiteFideId "5097010"]
[BlackFideId "5017220"]
[EventDate "2017.01.09"]

1. e4 c6 2. d4 d5 3. Nd2 dxe4 4. Nxe4 Nf6 5. Nxf6+ exf6 6. c3 Na6 7. Bxa6 bxa6
8. Nf3 Bd6 9. Qe2+ Qe7 10. Qxe7+ Kxe7 11. O-O Bf5 12. Nd2 Rhe8 13. Nc4 Bc7 14.
b3 Kd7 15. Ne3 Bg6 16. g3 Bd3 17. Re1 a5 18. Ba3 f5 19. Rad1 Be4 20. Nc4 Bf3 21.
Rc1 f6 22. Re3 Rxe3 23. fxe3 h5 24. Nd2 Bg4 25. Kg2 Rh8 26. h3 Be2 27. e4 h4 28.
Re1 Bd3 29. e5 hxg3 30. Kxg3 g5 31. Nf3 Be4 32. Nd2 fxe5 33. Nxe4 fxe4 34. Kg4
Ke6 35. Bc1 Rh4+ 36. Kxg5 Rxh3 37. dxe5 Rxc3 38. Bf4 Rc2 39. Rxe4 Rg2+ 40. Kh4
Kf5 41. Rc4 Rg4+ 42. Kh5 Rxf4 0-1

[Event "15th Delhi Open 2017"]
[Site "New Delhi IND"]
[Date "2017.01.11"]
[Round "4.20"]
[White "Thakur, Akash"]
[Black "Srija, Seshadri"]
[Result "1-0"]
[WhiteTitle "FM"]
[BlackTitle "WFM"]
[WhiteElo "2369"]
[BlackElo "2091"]
[WhiteFideId "5008514"]
[BlackFideId "5055903"]
[EventDate "2017.01.09"]

1. e4 e5 2. Nf3 Nc6 3. Bb5 a6 4. Bxc6 dxc6 5. d4 exd4 6. Qxd4 Qxd4 7. Nxd4 Nf6
8. f3 c5 9. Ne2 Bd7 10. Bf4 O-O-O 11. Nbc3 Bc6 12. Kf2 Be7 13. Rad1 b5 14. Rxd8+
Rxd8 15. Rd1 Rxd1 16. Nxd1 Nd7 17. Bd2 Bf6 18. Bc3 Bxc3 19. Nexc3 Ne5 20. Ne3
Bd7 21. f4 Nc6 22. e5 h6 23. Ne4 c4 24. Nc5 a5 25. c3 a4 26. Kf3 Nb8 27. f5 Kd8
28. Kf4 Bc6 29. g4 g5+ 30. fxg6 fxg6 31. g5 h5 32. Ne6+ Kc8 33. Nf8 Be8 34. Nd5
Nd7 35. Nxd7 Kxd7 36. Nf6+ Ke7 37. e6 Bc6 38. Ke5 Bf3 39. a3 Bg4 40. Nd5+ Kd8
41. Kf6 Kc8 42. e7 Bd7 43. Kf7 1-0

[Event "15th Delhi Open 2017"]
[Site "New Delhi IND"]
[Date "2017.01.11"]
[Round "4.21"]
[White "Vigneshwaran, S"]
[Black "Nouri, Hamed"]
[Result "0-1"]
[WhiteElo "1905"]
[BlackElo "2363"]
[WhiteFideId "5035252"]
[BlackFideId "5201454"]
[EventDate "2017.01.09"]

1. d4 d6 2. c4 Nf6 3. Nc3 Nbd7 4. Nf3 e5 5. e4 c6 6. Be2 Be7 7. O-O O-O 8. Re1
Re8 9. dxe5 dxe5 10. h3 Qc7 11. Qc2 a5 12. Bf1 Nc5 13. Be3 Ne6 14. Rad1 Nd7 15.
Rd2 Bc5 16. Bxc5 Ndxc5 17. Red1 a4 18. Ne2 f6 19. Ng3 g6 20. Qc3 Rd8 21. Rxd8+
Nxd8 22. Qa3 Ra5 23. Qc3 Nde6 24. Bd3 Nf4 25. Bc2 Be6 26. b4 axb3 27. axb3 Ra8
28. b4 Na6 29. c5 Rd8 30. Rxd8+ Qxd8 31. Nxe5 fxe5 32. Qxe5 Nxb4 33. Bb1 Qf8 34.
Qc7 Nfd3 35. Qxb7 Qxf2+ 36. Kh2 Nf4 37. Qb8+ Kg7 38. Qe5+ Kh6 39. Nf5+ Bxf5 0-1

[Event "15th Delhi Open 2017"]
[Site "New Delhi IND"]
[Date "2017.01.11"]
[Round "4.22"]
[White "Jeet, Jain"]
[Black "Roy Chowdhury, Saptarshi"]
[Result "0-1"]
[BlackTitle "GM"]
[WhiteElo "1866"]
[BlackElo "2351"]
[WhiteFideId "5073022"]
[BlackFideId "5002974"]
[EventDate "2017.01.09"]

1. e4 c5 2. Nf3 Nc6 3. d4 cxd4 4. Nxd4 e5 5. Nb5 d6 6. N1c3 a6 7. Na3 Be7 8. Nc4
b5 9. Ne3 Nf6 10. Bd3 O-O 11. O-O Be6 12. Ncd5 g6 13. c3 Na5 14. Qe2 Nxd5 15.
exd5 Bd7 16. b4 Nb7 17. a4 bxa4 18. Bxa6 Qb6 19. Bd3 f5 20. Bc4 Qc7 21. f3 Bf6
22. Bd2 Rfe8 23. Bd3 Bg7 24. Ra3 Rec8 25. Bb5 Nd8 26. Bxd7 Qxd7 27. Re1 Nf7 28.
Rb1 Bf6 29. b5 f4 30. Nd1 Bd8 31. Be1 Bb6+ 32. Bf2 Qc7 33. Bxb6 Qxb6+ 34. Nf2
Qc5 35. Rb4 e4 36. fxe4 Ne5 37. Kh1 Qe3 38. Qf1 f3 39. gxf3 Qxf3+ 40. Qg2 Qe3
41. Rb1 Rxc3 42. Rxc3 Qxc3 43. b6 a3 44. b7 Rb8 45. Nd1 Qd3 46. Rc1 Rxb7 47. Nf2
Qe3 48. Rf1 Rf7 49. Nd1 Rf3 50. Qxf3 Qxe4 51. Kg1 Qd4+ 0-1

[Event "15th Delhi Open 2017"]
[Site "New Delhi IND"]
[Date "2017.01.11"]
[Round "4.23"]
[White "Rakesh, Kumar Jena"]
[Black "Raahul, V S"]
[Result "1/2-1/2"]
[WhiteTitle "FM"]
[WhiteElo "2335"]
[BlackElo "2089"]
[WhiteFideId "5084822"]
[BlackFideId "25035525"]
[EventDate "2017.01.09"]

1. Nf3 Nf6 2. g3 c5 3. Bg2 Nc6 4. O-O g6 5. c3 Bg7 6. d4 cxd4 7. cxd4 d5 8. Nc3
O-O 9. Ne5 Bf5 10. Nxc6 bxc6 11. b3 Nd7 12. Ba3 Re8 13. Rc1 e5 14. dxe5 Bxe5 15.
Na4 Rc8 16. Qd2 Bf6 17. h3 Be4 18. f3 Bg5 19. e3 Bf5 20. Rfe1 Be7 21. Bb2 Qc7
22. g4 Be6 23. f4 Bf6 24. Bxf6 Nxf6 25. Qd4 Ne4 26. Nc3 Nxc3 27. Rxc3 Qa5 28.
Qd2 c5 29. Rc2 Qxd2 30. Rxd2 c4 31. Rc1 cxb3 32. Rxc8 Rxc8 33. axb3 Rc3 34. Kf2
Rxb3 35. Bxd5 Bxd5 36. Rxd5 Ra3 37. h4 1/2-1/2

[Event "15th Delhi Open 2017"]
[Site "New Delhi IND"]
[Date "2017.01.11"]
[Round "4.24"]
[White "Ghosh, Diptayan"]
[Black "Debarshi, Mukherjee"]
[Result "1-0"]
[WhiteTitle "GM"]
[WhiteElo "2570"]
[BlackElo "2193"]
[WhiteFideId "5045207"]
[BlackFideId "5007291"]
[EventDate "2017.01.09"]

1. d4 Nf6 2. c4 g6 3. g3 c5 4. Nf3 Bg7 5. Bg2 cxd4 6. Nxd4 O-O 7. Nc3 Nc6 8. O-O
Nxd4 9. Qxd4 d6 10. Qd3 a6 11. Bf4 Bf5 12. e4 Bd7 13. Rfd1 Bc6 14. Rac1 Nd7 15.
Qe2 b5 16. b4 bxc4 17. Qxc4 Bb5 18. Qb3 Rc8 19. Nxb5 axb5 20. Bf1 Rxc1 21. Bxc1
Qb6 22. Be3 Qa6 23. Rd5 Rb8 24. Rxb5 Rxb5 25. a4 Rxb4 26. Qxb4 Qa8 27. a5 Nc5
28. a6 Qa7 29. Qb5 Bc3 30. Bc4 Kg7 31. Qe8 e6 32. Qd8 Be5 33. Kg2 1-0

[Event "15th Delhi Open 2017"]
[Site "New Delhi IND"]
[Date "2017.01.11"]
[Round "4.25"]
[White "Masango, Spencer"]
[Black "David, Alberto"]
[Result "1/2-1/2"]
[BlackTitle "GM"]
[WhiteElo "2198"]
[BlackElo "2569"]
[WhiteFideId "14300753"]
[BlackFideId "4000013"]
[EventDate "2017.01.09"]

1. Nf3 d5 2. c4 e6 3. d4 c6 4. Nc3 dxc4 5. a4 Nf6 6. e3 c5 7. Bxc4 Nc6 8. O-O
Be7 9. dxc5 O-O 10. Qxd8 Rxd8 11. e4 Bxc5 12. Bf4 Bb4 13. e5 Bxc3 14. bxc3 Ne4
15. Rfc1 Na5 16. Ba2 Bd7 17. Be3 Bxa4 18. Ng5 Nxg5 19. Bxg5 Rdc8 20. Bxe6 fxe6
21. Rxa4 Nc4 22. Rb1 b6 23. Bf4 a6 24. Rba1 a5 25. Rb1 Rc5 26. Be3 Nxe3 27. fxe3
b5 28. Ra2 a4 29. Rb4 Rxc3 30. Rxb5 Rxe3 31. Kf2 Re4 32. Kf3 Rc4 33. Ke3 Rc1 34.
Rb4 a3 35. Rb3 Ra5 36. Raxa3 Rxe5+ 37. Kd2 Rf1 38. Rg3 Rf2+ 39. Kd3 h6 40. Ra4
Rf8 1/2-1/2

[Event "15th Delhi Open 2017"]
[Site "New Delhi IND"]
[Date "2017.01.11"]
[Round "4.26"]
[White "Bernadskiy, Vitaliy"]
[Black "Wagh, Suyog"]
[Result "1-0"]
[WhiteTitle "GM"]
[WhiteElo "2540"]
[BlackElo "2177"]
[WhiteFideId "14100371"]
[BlackFideId "25071688"]
[EventDate "2017.01.09"]

1. e4 c5 2. Nf3 d6 3. d4 cxd4 4. Nxd4 Nf6 5. Nc3 a6 6. Qf3 e6 7. Be3 Be7 8.
O-O-O Qc7 9. g4 O-O 10. g5 Nfd7 11. Qg3 b5 12. Nf5 Ne5 13. Nxe7+ Qxe7 14. f4
Nec6 15. f5 Ne5 16. f6 Qc7 17. fxg7 Re8 18. a3 Nbc6 19. h4 d5 20. Bf4 d4 21. Na2
d3 22. Nc3 Rb8 23. Rxd3 b4 24. axb4 Rxb4 25. Be2 Rd8 26. Rdd1 Rxd1+ 27. Rxd1 Qa5
28. b3 Qa3+ 29. Kb1 Qa5 30. h5 Rb7 31. Bc1 Bd7 1-0

[Event "15th Delhi Open 2017"]
[Site "New Delhi IND"]
[Date "2017.01.11"]
[Round "4.27"]
[White "Tukhaev, Adam"]
[Black "Aubhropratim, Manna"]
[Result "1-0"]
[WhiteTitle "GM"]
[WhiteElo "2516"]
[BlackElo "2176"]
[WhiteFideId "14109476"]
[BlackFideId "5007232"]
[EventDate "2017.01.09"]

1. e4 d6 2. d4 Nf6 3. Nc3 g6 4. Nf3 c6 5. a4 Bg7 6. h3 Qa5 7. Bd2 Qc7 8. Be2 e5
9. O-O O-O 10. Re1 Re8 11. dxe5 dxe5 12. Bc4 h6 13. a5 Be6 14. Bxe6 Rxe6 15. Be3
Nbd7 16. b4 Ree8 17. Qb1 b5 18. axb6 axb6 19. Nd2 b5 20. Ne2 Bf8 21. Nc1 Rxa1
22. Qxa1 Ra8 23. Qb2 1-0

[Event "15th Delhi Open 2017"]
[Site "New Delhi IND"]
[Date "2017.01.11"]
[Round "4.28"]
[White "Horvath, Adam1"]
[Black "Pranavananda, V"]
[Result "1-0"]
[WhiteTitle "GM"]
[WhiteElo "2499"]
[BlackElo "2163"]
[WhiteFideId "708003"]
[BlackFideId "5073588"]
[EventDate "2017.01.09"]

1. e4 c5 2. Nf3 d6 3. d4 cxd4 4. Nxd4 Nf6 5. Nc3 a6 6. Be3 e6 7. f3 b5 8. Qd2
Bb7 9. g4 Nfd7 10. O-O-O Nb6 11. Nb3 Nc4 12. Bxc4 bxc4 13. Nc5 Qc7 14. Nxb7 Qxb7
15. Bc5 Nc6 16. Bxd6 Rd8 17. Qf4 Bxd6 18. Rxd6 O-O 19. Rxd8 Rxd8 20. Rd1 Rb8 21.
b3 Rc8 22. e5 Qb8 23. Rd6 cxb3 24. axb3 Qc7 25. Qc4 Qb7 26. Qc5 h6 27. Kb2 Ne7
28. Qe3 Qc7 29. Qd3 Ng6 30. Qd4 a5 31. h4 Nxh4 32. Rd7 Qc6 33. f4 g6 34. Rd8+
Kg7 35. f5 gxf5 36. gxf5 Rxd8 37. f6+ Kh7 1-0

[Event "15th Delhi Open 2017"]
[Site "New Delhi IND"]
[Date "2017.01.11"]
[Round "4.29"]
[White "Mohammed Abdul, Malek"]
[Black "Stopa, Jacek"]
[Result "0-1"]
[WhiteTitle "FM"]
[BlackTitle "GM"]
[WhiteElo "2176"]
[BlackElo "2479"]
[WhiteFideId "10201300"]
[BlackFideId "1119591"]
[EventDate "2017.01.09"]

1. d4 Nf6 2. Nf3 e6 3. g3 d5 4. Bg2 Nbd7 5. O-O c6 6. c4 dxc4 7. Nbd2 b5 8. a4
Bb7 9. e4 Be7 10. Qc2 a5 11. Re1 O-O 12. d5 exd5 13. exd5 cxd5 14. axb5 Bb4 15.
Rd1 Qb6 16. Nf1 Nc5 17. Be3 Qxb5 18. Nd4 Qd7 19. Qf5 Qxf5 20. Nxf5 Nb3 21. Rab1
Rfe8 22. Bf4 Ne4 23. N1e3 Rad8 24. Bxe4 Rxe4 25. Ng4 Bc8 26. Nge3 d4 27. Nh4 Nd2 0-1

[Event "15th Delhi Open 2017"]
[Site "New Delhi IND"]
[Date "2017.01.11"]
[Round "4.30"]
[White "Shelke, Sankarsha"]
[Black "Dzhumaev, Marat"]
[Result "0-1"]
[BlackTitle "GM"]
[WhiteElo "2175"]
[BlackElo "2457"]
[WhiteFideId "25071580"]
[BlackFideId "14200236"]
[EventDate "2017.01.09"]

1. e4 d6 2. d4 Nf6 3. Nc3 e5 4. Nf3 Nbd7 5. Bc4 Be7 6. O-O O-O 7. h3 a6 8. a4 b6
9. Re1 Bb7 10. Bg5 c6 11. Bxf6 Bxf6 12. d5 c5 13. Ne2 g6 14. Bd3 Bg7 15. Ng3 Bc8
16. c3 Nf6 17. Nd2 Ne8 18. Qc2 Bh6 19. Nc4 Rb8 20. b3 Ng7 21. a5 b5 22. Nb6 f5
23. Nf1 Bg5 24. c4 b4 25. Qd1 Bh4 26. Ra2 Rb7 27. Nh2 Rbf7 28. Nf3 Bf6 29. Nh2
Be7 30. Rf1 Kh8 31. Nxc8 Qxc8 32. Bb1 Bg5 33. Nf3 Bh6 34. Bd3 Qd8 35. Nh2 Ne8
36. Qc2 Qd7 37. Qb1 Bg5 38. Nf3 Bd8 39. Nh2 Ng7 40. Qd1 Qe7 41. Bb1 Ne8 42. Bd3
Qf6 43. Qe2 Qg7 44. Qc2 Rg8 45. Qd2 Nf6 46. f3 Nh5 47. Qe1 Qh6 48. Bb1 Bg5 49.
g3 Be3+ 50. Kg2 Bd4 51. Qd2 Qg7 52. Rd1 Nf6 53. Qe2 Qh6 54. Bd3 Qg5 55. Nf1 Rgf8
56. Qd2 Qh5 57. Qe2 fxe4 58. fxe4 Qh6 59. Nh2 Nh5 60. Ng4 Qg5 61. h4 Rf2+ 62.
Nxf2 Qxg3+ 63. Kf1 Qh2 64. Ke1 Ng3 65. Qg4 Bc3+ 0-1

[Event "15th Delhi Open 2017"]
[Site "New Delhi IND"]
[Date "2017.01.12"]
[Round "5.1"]
[White "Nguyen, Huynh Minh Huy"]
[Black "Amonatov, Farrukh"]
[Result "1/2-1/2"]
[WhiteTitle "GM"]
[BlackTitle "GM"]
[WhiteElo "2448"]
[BlackElo "2619"]
[WhiteFideId "12401269"]
[BlackFideId "14700077"]
[EventDate "2017.01.09"]

1. d4 Nf6 2. Nf3 g6 3. g3 Bg7 4. Bg2 O-O 5. O-O d6 6. b3 Nbd7 7. Bb2 c5 8. c4 a6
9. Nc3 Rb8 10. dxc5 Nxc5 11. Rc1 Bd7 12. Nd4 b5 13. cxb5 axb5 14. b4 Na6 15. a3
Qb6 16. Qd2 Rfc8 17. Nd5 Nxd5 18. Bxd5 1/2-1/2

[Event "15th Delhi Open 2017"]
[Site "New Delhi IND"]
[Date "2017.01.12"]
[Round "5.2"]
[White "Lalith, Babu M R"]
[Black "Karthikeyan, Murali"]
[Result "0-1"]
[WhiteTitle "GM"]
[BlackTitle "GM"]
[WhiteElo "2587"]
[BlackElo "2564"]
[WhiteFideId "5024595"]
[BlackFideId "5074452"]
[EventDate "2017.01.09"]

1. d4 d5 2. Nf3 Nf6 3. c4 e6 4. g3 Bb4+ 5. Bd2 Be7 6. Bg2 O-O 7. O-O c6 8. Nc3
b6 9. Bf4 Bb7 10. Rc1 Nbd7 11. cxd5 cxd5 12. Nb5 Ne8 13. Qb3 a6 14. Nc7 g5 15.
Be5 Nxe5 16. Nxa8 Nxf3+ 17. Bxf3 Bxa8 18. Rc2 Bb7 19. Rfc1 Bd6 20. Qd3 f5 21.
Bg2 Qf6 22. e3 f4 23. e4 Qg6 24. Rc6 Bxc6 25. Rxc6 dxe4 26. Bxe4 Qf6 27. Bxh7+
Kg7 28. Rc2 Rh8 29. Be4 Qh6 30. Qxa6 Qxh2+ 31. Kf1 Qh5 32. Qb7+ Kf6 0-1